Statistics for Fifa 23 Top 100 Ligue 1 Players

Click here to take the quiz!

General Stats

  • This quiz has been taken 106 times
  • The average score is 54 of 100

Answer Stats

RatingClubNationPlayer% Correct
91PSGFranceKylian Mbappe
100%
91PSGArgentinaLionel Messi
100%
88PSGItalyGianluigi Donnarumma
99%
88PSGCosta RicaKeylor Navas
99%
87PSGItalyMarco Verratti
99%
89PSGBrazilNeymar
99%
84PSGMoroccoAchraf Hakimi
96%
88PSGBrazilMarquinhos
95%
84AS MonacoFranceWissam Ben Yedder
95%
83PSGFrancePresnel Kimpembe
90%
84PSGSpainSergio Ramos
88%
80PSGPortugalNuno Mendes
86%
81Olympique LyonFranceAlexandre Lacazette
82%
83OGC NiceDenmarkKasper Schmeichel
82%
82Olympique LyonPortugalAnthony Lopes
81%
83PSGSpainCarlos Soler
79%
79LOSC LilleCanadaJonathan David
78%
82AS MonacoGermanyKevin Volland
78%
81RC LensIvory CoastSeko Fofana
78%
76Olympique LyonBrazilThiago Mendes
78%
79AS MonacoFranceYoussouf Fofana
78%
82Olympique MarseilleFranceDimitri Payet
77%
83PSGSpainFabian
74%
79Olympique Marseille
Chile
Alexis Sanchez
71%
80PSGPortugalDanilo Pereira
71%
81Stade RennesFranceMartin Terrier
71%
81Olympique LyonFranceCorentin Tolisso
67%
78PSGSpainJuan Bernat
67%
80PSGPortugalRenato Sanches
67%
79Olympique MarseilleTurkeyCengiz Under
66%
79Olympique MarseilleDR CongoChancel Mbemba
66%
78Olympique LyonCameroonKarl Toko-Ekambi
64%
81Montpellier HSCFranceTeji Savanier
64%
79PSGPortugalVitinha
64%
79AS MonacoRussiaAleksandr Golovin
62%
79Olympique LyonGermanyJerome Boateng
62%
80Olympique MarseilleFranceMatteo Guendouzi
62%
81PSGSpainPablo Sarabia
62%
80Olympique MarseilleFranceJonathan Clauss
60%
80LOSC LillePortugalJose Fonte
60%
81Olympique LyonArgentinaNicolas Tagliafico
60%
79Olympique MarseilleSpainPau Lopez
60%
78Olympique MarseilleFranceValentin Rongier
60%
79Stade RennesFranceAmine Gouiri
59%
79Stade RennesFranceSteve Mandanda
59%
80OGC NiceAlgeriaAndy Delort
58%
81OGC NiceFranceGaetan Laborde
58%
80Stade RennesCroatiaLovro Majer
56%
79Olympique MarseilleFranceJordan Veretout
55%
79Oympique LyonFranceHoussem Aouar
53%
81Stade RennesFranceBenjamin Bourigeaud
51%
80Stade RennesMaliHamari Traore
51%
77FC NantesNigeriaMoses Simon
51%
78Stade ReimsJapanJunya Ito
48%
79FC NantesFranceLudovic Blas
48%
79RC StrasbourgBelgiumMatz Sels
48%
79OGC NiceIvory CoastNicolas Pepe
48%
77Angers SCOMoroccoSofiane Boufal
48%
80FC NantesFranceAlban Lafont
47%
78AS MonacoChileGuillermo Maripan
47%
78OGC NiceBrazilDante
45%
77RC StrasbourgSenegalHabib Diallo
45%
80Olympique LyonFranceMoussa Dembele
45%
77FC NantesFranceNicolas Pallois
45%
79LOSC LilleFranceBenjamin Andre
44%
79Montpellier HSCSwitzerlandJonas Omlin
44%
77OGC NiceFranceKhephren Thuram
44%
78Olympique MarseilleBrazilGerson
42%
79Olympique LyonFranceMaxence Caqueret
42%
77AS MonacoSwitzerlandBreel Embolo
40%
78Olympique MarseilleFranceSamuel Gigot
40%
76AC AjaccioAlgeriaYoucef Belaili
40%
78OGC NiceFranceJean-Clair Todibo
37%
79RC StrasbourgFranceLudovic Ajorque
37%
79PSGFranceNordi Mukiele
37%
77Montpellier HSCEnglandStephy Mavididi
36%
78AS MonacoGermanyAlexander Nubel
34%
77AS MonacoFranceAxel Disasi
34%
76Olympique MarseilleColombiaLuis Javier Suarez
33%
77AS MonacoMaliMohamed Camara
33%
77AS MonacoFranceBenoit Badiashile
30%
77AS MonacoPortugalGelson Martins
30%
77RC StrasbourgFranceKevin Gameiro
30%
77RC StrasbourgGhanaAlexander Djiku
29%
78OGC NiceNetherlandsPablo Rosario
27%
76OGC NiceEnglandRoss Barkley
27%
78FC NantesBrazilAndrei Girotto
26%
76Stade RennesFranceBaptiste Santamaria
26%
78AS MonacoBrazilCaio Henrique
26%
77RC StrasbourgFranceAdrien Thomasson
25%
77AS MonacoFranceRuben Aguilar
23%
77Stade RennesSenegalAlfred Gomis
22%
79LOSC LilleBrazilIsmaily
22%
77FC NantesFranceMoussa Sissoko
22%
77FC NantesSpainPedro Chirivella
22%
77Stade BrestFranceFranck Honorat
21%
78OGC NiceFranceSofiane Diop
19%
78Olympique LyonFranceRomain Faivre
16%
77Stade RennesFranceFlavien Tait
14%
77Montpellier HSCFranceJordan Ferri
11%

Score Distribution

Percentile by Number Answered

Percent of People with Each Score

Your Score History

You have not taken this quiz